000 00718nam a22002292 4500
001 0000012634
005 20151217152110.0
008 090227s xx 000 0 eng d
020 _a0028232186 :
040 _aKABU
_cKABU
100 1 _aAppleby, Joyce Oldham.
_@0000112221
245 1 4 _aThe American journey /
_cJoyce O. Appleby, Alan Brinkley, James M. McPherson.
250 _a1st ed.
260 _aNew York :
_bGlencoe,
_c1998.
300 _axvii, [15], 933 p.
651 0 _aUnited States
_xHistory.
_@0000148581
700 1 _aBrinkley, Alan.
_@0000079574
700 1 _aMcPherson, James M.
_@0000038111
852 1 _9p500 KES
908 _a090227
950 _@1
999 _c8253
_d8253